[Event "41st Olympiad Women 2014"]
[Site "Tromso NOR"]
[Date "2014.08.14"]
[Round "11.2"]
[Board "2"]
[White "Bjerke, Silje"]
[Black "Blagojevic, Tijana"]
[Result "1/2-1/2"]
[WhiteTitle "WIM"]
[WhiteElo "2189"]
[BlackElo "2095"]
[WhiteTeam "Norway"]
[BlackTeam "Montenegro"]
[WhiteFideId "1502786"]
[BlackFideId "16500270"]
[EventDate "2014.08.02"]

1. e4 e5 2. Nf3 Nc6 3. Bb5 Nf6 4. O-O Nxe4 5. d4 Nd6 6. Bg5 Be7 7. Bxe7 Qxe7 8.
Bxc6 dxc6 9. dxe5 Nf5 10. Qd2 O-O 11. Nc3 Be6 12. Qf4 Rae8 13. Ne4 Kh8 14. a3
Bc8 15. Rfe1 c5 16. Nc3 Qe6 17. Rad1 Ne7 18. Qe4 Qb6 19. Na4 Qb5 20. b3 Bf5 21.
Qe2 Qc6 22. h3 Ng6 23. Qc4 Bxh3 24. Qxc5 Qxc5 25. Nxc5 Bc8 26. Nd7 Rg8 27. Ng5
Re7 28. e6 fxe6 29. Rxe6 Rge8 30. Rxe7 Nxe7 31. Ne5 Kg8 32. c3 h6 33. Ngf3 Nf5
34. b4 Nd6 35. a4 g5 36. Nd3 Bg4 37. Nde1 Re4 38. Rd4 Rxd4 39. Nxd4 Bd7 40. a5
Nb5 41. Nxb5 Bxb5 42. f3 Kf7 43. Nc2 Kf6 44. Kf2 Ke5 45. g4 Kf4 46. Ne3 Bc6 47.
Ng2+ Ke5 48. Ne3 b6 49. Nf5 Kf4 50. Nd4 Bd5 51. Ne2+ Ke5 52. Ke3 c5 53. axb6
axb6 54. bxc5 bxc5 55. Ng3 Be6 56. Ne4 Kd5 57. Kd3 Bf7 58. Nd2 Bg6+ 59. Ke3 Bf7
60. Kd3 Be8 61. Ke3 Ba4 62. Kd3 Bd1 63. Ke3 Bc2 64. Kf2 Bg6 65. Ke3 Bf7 1/2-1/2

[Event "41st Olympiad Women 2014"]
[Site "Tromso NOR"]
[Date "2014.08.14"]
[Round "11.2"]
[Board "3"]
[White "Stojanovic, Marija R"]
[Black "Koskela, Niina"]
[Result "0-1"]
[WhiteTitle "WFM"]
[BlackTitle "WGM"]
[WhiteElo "2100"]
[BlackElo "2213"]
[WhiteTeam "Montenegro"]
[BlackTeam "Norway"]
[WhiteFideId "931411"]
[BlackFideId "500755"]
[EventDate "2014.08.02"]

1. e4 e5 2. Nf3 Nc6 3. d4 exd4 4. Nxd4 Nf6 5. Nxc6 bxc6 6. e5 Qe7 7. Qe2 Nd5 8.
c4 Ba6 9. Nd2 g6 10. b3 Bg7 11. Bb2 O-O 12. O-O-O d6 13. Qe4 f5 14. exf6 Qxe4
15. Nxe4 Nxf6 16. Nxf6+ Bxf6 17. Bxf6 Rxf6 18. f3 Bc8 19. Bd3 Bf5 20. Rhe1 Kf7
21. Kd2 Bxd3 22. Kxd3 Re8 23. Rxe8 Kxe8 24. Re1+ Kd7 25. Kd4 c5+ 26. Kd3 c6 27.
a3 a5 28. Rb1 Rf4 29. b4 axb4 30. axb4 cxb4 31. Rxb4 Kc7 32. Ra4 Rh4 33. h3 d5
34. Ke3 g5 35. Ra7+ Kb6 36. Rg7 Rxc4 37. Rxg5 d4+ 38. Ke4 c5 39. f4 Rc1 40. Rg3
Kc6 41. f5 Re1+ 42. Kf4 Kd5 43. Rg8 Rf1+ 44. Kg5 c4 45. Rd8+ Ke4 46. Re8+ Kd3 0-1

[Event "41st Olympiad Women 2014"]
[Site "Tromso NOR"]
[Date "2014.08.14"]
[Round "11.2"]
[Board "4"]
[White "Hagesather, Ellen"]
[Black "Bacic, Kristina"]
[Result "1-0"]
[WhiteTitle "WIM"]
[WhiteElo "2182"]
[BlackElo "1801"]
[WhiteTeam "Norway"]
[BlackTeam "Montenegro"]
[WhiteFideId "1501909"]
[BlackFideId "16500245"]
[EventDate "2014.08.02"]

1. c4 c6 2. e4 d5 3. cxd5 cxd5 4. exd5 Nf6 5. Nc3 Nxd5 6. Nf3 e6 7. d4 Nc6 8.
Bb5 a6 9. Bxc6+ bxc6 10. Ne5 Bb7 11. O-O Be7 12. Qg4 Bf6 13. Ne4 O-O 14. Bh6 Kh8
15. Bd2 Bxe5 16. dxe5 f5 17. exf6 Nxf6 18. Nxf6 Qxd2 19. Nh5 Qh6 20. Rfe1 Rae8
21. Rad1 Bc8 22. Re5 Rf5 23. Qxf5 g6 24. Qf6+ Kg8 25. Ng3 Rf8 26. Rd8 1-0

[Event "41st Olympiad Women 2014"]
[Site "Tromso NOR"]
[Date "2014.08.14"]
[Round "11.3"]
[Board "1"]
[White "Muzychuk, Anna"]
[Black "Hou, Yifan"]
[Result "1/2-1/2"]
[WhiteTitle "GM"]
[BlackTitle "GM"]
[WhiteElo "2555"]
[BlackElo "2661"]
[WhiteTeam "Ukraine"]
[BlackTeam "China"]
[WhiteFideId "14111330"]
[BlackFideId "8602980"]
[EventDate "2014.08.02"]

1. e4 e6 2. d4 d5 3. Nc3 Nf6 4. Bg5 Be7 5. e5 Nfd7 6. Bxe7 Qxe7 7. f4 a6 8. Qg4
g6 9. Nf3 c5 10. dxc5 Nc6 11. h4 h5 12. Qg5 Nxc5 13. O-O-O b5 14. Bd3 b4 15. Ne2
a5 16. Ned4 Nxd4 17. Nxd4 Ba6 18. Kb1 Qa7 19. Qf6 Rg8 20. Bb5+ Bxb5 21. Nxb5 Qe7
22. Rxd5 Qxf6 23. Nc7+ Kf8 24. exf6 exd5 25. Nxa8 Ne4 26. Nc7 Nxf6 27. Re1 Kg7
28. Re5 Rd8 29. Kc1 Rd7 30. Ne8+ Nxe8 31. Rxe8 Kf6 32. Re5 Re7 33. Rxd5 Re2 34.
Rg5 a4 35. a3 Re1+ 36. Kd2 bxa3 37. bxa3 Rf1 38. g3 Ra1 39. Kc3 Rxa3+ 40. Kb4
Rf3 41. Kxa4 Rc3 42. Kb4 Rxc2 43. Kb3 Rf2 44. Kc3 Kg7 45. Kd3 f5 46. Ke3 Ra2 47.
Kf3 Kf6 48. Ke3 Ra4 49. Kf3 Rb4 50. Kf2 Re4 51. Kf3 Re6 52. Kg2 1/2-1/2

[Event "41st Olympiad Women 2014"]
[Site "Tromso NOR"]
[Date "2014.08.14"]
[Round "11.3"]
[Board "2"]
[White "Ju, Wenjun"]
[Black "Muzychuk, Mariya"]
[Result "1/2-1/2"]
[WhiteTitle "WGM"]
[BlackTitle "IM"]
[WhiteElo "2559"]
[BlackElo "2530"]
[WhiteTeam "China"]
[BlackTeam "Ukraine"]
[WhiteFideId "8603006"]
[BlackFideId "14114550"]
[EventDate "2014.08.02"]

1. d4 Nf6 2. c4 g6 3. g3 Bg7 4. Bg2 d5 5. cxd5 Nxd5 6. Nf3 Nb6 7. O-O Nc6 8. e3
O-O 9. Nc3 Re8 10. Ne1 e5 11. d5 Na5 12. e4 c6 13. Nc2 cxd5 14. exd5 Bd7 15. b3
f5 16. Ba3 e4 17. Nd4 Rc8 18. Rc1 Nac4 19. bxc4 Nxc4 20. Nb1 Qb6 21. Rxc4 Rxc4
22. Nb3 Ba4 23. d6 Rd4 24. Qc1 Bxb3 25. Bc5 Qb5 26. Bxd4 Bxd4 27. Na3 Qc5 28.
axb3 Bxf2+ 29. Kh1 Rd8 30. Qb2 Bd4 31. Qa2 Qxd6 32. Nb5 Qb4 33. Nxd4 Qxd4 34.
Qc2 Kg7 35. g4 fxg4 36. Bxe4 Rd7 37. Bg2 b6 38. Qe2 Rf7 39. Rd1 Qf4 40. Rf1 Qd4
41. Rd1 Qf4 42. Rf1 1/2-1/2

[Event "41st Olympiad Women 2014"]
[Site "Tromso NOR"]
[Date "2014.08.14"]
[Round "11.3"]
[Board "4"]
[White "Guo, Qi"]
[Black "Zhukova, Natalia"]
[Result "1/2-1/2"]
[WhiteTitle "WGM"]
[BlackTitle "GM"]
[WhiteElo "2453"]
[BlackElo "2468"]
[WhiteTeam "China"]
[BlackTeam "Ukraine"]
[WhiteFideId "8604002"]
[BlackFideId "14101513"]
[EventDate "2014.08.02"]

1. d4 Nf6 2. Nf3 e6 3. c4 Bb4+ 4. Bd2 Qe7 5. g3 Bxd2+ 6. Qxd2 Nc6 7. Nc3 d5 8.
cxd5 exd5 9. Bg2 O-O 10. O-O Bf5 11. Rac1 Rad8 12. Qf4 Be4 13. Rfd1 Rfe8 14. Nh4
Bxg2 15. Nxg2 Rd7 16. Ne3 Qe6 17. Qf5 Qxf5 18. Nxf5 Nd8 19. Rc2 g6 20. Nh4 Ne4
21. e3 Ne6 22. Nf3 f6 23. Rdc1 c6 24. h4 Nd8 25. Nxe4 Rxe4 26. b4 Nf7 27. Nd2
Re8 28. a4 Nd6 29. Rc5 a6 30. R5c2 Rde7 31. Kg2 Kg7 32. Rh1 h5 33. Rc3 Kh6 34.
Rcc1 Kg7 35. Rc3 Kh6 36. Rcc1 Rf7 37. a5 Rfe7 1/2-1/2

[Event "41st Olympiad Women 2014"]
[Site "Tromso NOR"]
[Date "2014.08.14"]
[Round "11.4"]
[Board "1"]
[White "Khotenashvili, Bela"]
[Black "Paehtz, Elisabeth"]
[Result "1-0"]
[WhiteTitle "GM"]
[BlackTitle "IM"]
[WhiteElo "2494"]
[BlackElo "2464"]
[WhiteTeam "Georgia"]
[BlackTeam "Germany"]
[WhiteFideId "13602640"]
[BlackFideId "4641833"]
[EventDate "2014.08.02"]

1. d4 Nf6 2. c4 g6 3. Nc3 Bg7 4. e4 d6 5. Nf3 O-O 6. h3 e5 7. d5 Na6 8. Bg5 Qe8
9. Be2 Nh5 10. g3 f6 11. Bd2 f5 12. Nh4 Nf6 13. exf5 gxf5 14. Qc2 Nb4 15. Qb3 a5
16. a3 Na6 17. Qc2 c6 18. dxc6 Nc5 19. c7 a4 20. Be3 Nb3 21. Rd1 Qc6 22. Bf3
Qxc4 23. Nxf5 Bxf5 24. Qxf5 Nd4 25. Bxd4 exd4 26. Bd5+ Nxd5 27. Qxd5+ Qxd5 28.
Nxd5 Rae8+ 29. Kf1 Re5 30. Rxd4 Rc8 31. f4 Rxd5 32. Rxd5 Bxb2 33. Rb5 Bxa3 34.
Rxb7 Kf7 35. Ra7 Bc5 36. Rxa4 Rxc7 37. Rh2 Rb7 38. Re2 Rb1+ 39. Kg2 Kf6 40. Rae4
h5 41. Re6+ Kg7 42. Re7+ Kg6 43. R7e6+ Kg7 44. g4 Rg1+ 45. Kf3 h4 46. Re7+ Kf8
47. Re8+ Kf7 48. R2e7+ Kg6 49. f5+ Kf6 50. Re6+ Kf7 51. Kf4 d5 52. g5 Ba3 53.
g6+ Kg7 54. R6e7+ Bxe7 55. Rxe7+ Kf8 56. Rd7 d4 57. Rxd4 Rg2 58. Ke5 Kg7 59.
Rd7+ Kh6 60. Kf6 1-0

[Event "41st Olympiad Women 2014"]
[Site "Tromso NOR"]
[Date "2014.08.14"]
[Round "11.4"]
[Board "2"]
[White "Melamed, Tatjana"]
[Black "Javakhishvili, Lela"]
[Result "0-1"]
[WhiteTitle "WGM"]
[BlackTitle "IM"]
[WhiteElo "2364"]
[BlackElo "2478"]
[WhiteTeam "Germany"]
[BlackTeam "Georgia"]
[WhiteFideId "14102145"]
[BlackFideId "13601458"]
[EventDate "2014.08.02"]

1. e4 c5 2. Nf3 e6 3. c3 Nf6 4. e5 Nd5 5. d4 cxd4 6. cxd4 d6 7. Bc4 Be7 8. O-O
O-O 9. exd6 Qxd6 10. Nc3 Nxc3 11. bxc3 Qc7 12. Qe2 Nd7 13. Re1 Bd6 14. Bd3 Qxc3
15. Bb2 Qa5 16. d5 e5 17. Nxe5 Nxe5 18. Bxe5 Re8 19. Qh5 g6 20. Qg5 Bf5 21. Bxf5
Bxe5 22. Rab1 Bf4 0-1

[Event "41st Olympiad Women 2014"]
[Site "Tromso NOR"]
[Date "2014.08.14"]
[Round "11.4"]
[Board "3"]
[White "Melia, Salome"]
[Black "Ohme, Melanie"]
[Result "1-0"]
[WhiteTitle "IM"]
[BlackTitle "WGM"]
[WhiteElo "2475"]
[BlackElo "2301"]
[WhiteTeam "Georgia"]
[BlackTeam "Germany"]
[WhiteFideId "13602446"]
[BlackFideId "4690745"]
[EventDate "2014.08.02"]

1. e4 c5 2. Nf3 e6 3. d4 cxd4 4. Nxd4 Nf6 5. Nc3 Nc6 6. Ndb5 Bc5 7. Bf4 O-O 8.
Bc7 Qe7 9. Bd6 Bxd6 10. Qxd6 Qd8 11. O-O-O a6 12. Nd4 Qb6 13. f3 Ne8 14. Na4 Qa5
15. Qa3 Nxd4 16. Rxd4 b5 17. Qc3 Qd8 18. Nc5 Qg5+ 19. Rd2 d6 20. Nb3 Bb7 21. h4
Qf4 22. Rh3 Rc8 23. g3 Rxc3 24. gxf4 Rc7 25. Rg3 Nf6 26. Rxd6 Nh5 27. Rg5 Nxf4
28. Rc5 Re7 29. Na5 Bc8 30. b4 h6 31. c4 bxc4 32. Bxc4 Ng2 33. h5 g5 34. hxg6
fxg6 35. Nc6 Ree8 36. Na7 Kg7 37. Rc7+ Rf7 38. Rxc8 Rxc8 39. Nxc8 Rc7 40. Nb6
Ne3 41. Rd3 Nxc4 42. Rc3 Rb7 43. Nxc4 Rxb4 44. Kd2 h5 45. Ke3 g5 46. Kf2 Kf6 47.
Kg3 Rb1 48. Ra3 Rc1 49. Ne3 h4+ 50. Kf2 Rc6 51. Ng4+ Ke7 52. Ra5 Rc2+ 53. Kg1
Rc3 54. Kg2 Rc2+ 55. Kh3 Rc3 56. Nh2 Rc2 57. Rxa6 1-0

[Event "41st Olympiad Women 2014"]
[Site "Tromso NOR"]
[Date "2014.08.14"]
[Round "11.4"]
[Board "4"]
[White "Hoolt, Sarah"]
[Black "Batsiashvili, Nino"]
[Result "0-1"]
[WhiteTitle "WGM"]
[BlackTitle "IM"]
[WhiteElo "2318"]
[BlackElo "2435"]
[WhiteTeam "Germany"]
[BlackTeam "Georgia"]
[WhiteFideId "24606812"]
[BlackFideId "13602993"]
[EventDate "2014.08.02"]

1. e4 d5 2. exd5 Qxd5 3. Nc3 Qa5 4. Bc4 c6 5. d3 Nf6 6. Bd2 Qc7 7. Qe2 Bf5 8. h3
e6 9. g4 Bg6 10. f4 Be7 11. O-O-O b5 12. Bb3 a5 13. a4 b4 14. Ne4 Nbd7 15. Nxf6+
Nxf6 16. Nf3 Nd5 17. Ne5 Bf6 18. d4 Bxe5 19. dxe5 h5 20. Rhf1 hxg4 21. hxg4 Qb6
22. Rde1 O-O-O 23. f5 exf5 24. gxf5 Bh5 25. Qg2 Qc5 26. Re4 Kb7 27. Rfe1 g6 28.
Rc4 Qb6 29. e6 Rhe8 30. Qg5 Qf2 31. e7 Rd7 32. Rce4 Qxf5 33. Qh4 f6 34. Re6
Rdxe7 35. Bxd5 Rxe6 36. Bxe6 Rxe6 37. Qd4 Rxe1+ 38. Bxe1 Qd5 39. Bf2 Qxd4 40.
Bxd4 f5 41. Be3 Bf3 42. Kd2 Kc7 43. b3 Bd5 44. Kd3 Be4+ 45. Kd2 Kd6 46. Bb6 g5
47. Bxa5 c5 48. c3 bxc3+ 49. Bxc3 f4 50. b4 c4 51. b5 g4 52. Ke1 g3 53. Bd2 Ke5
54. a5 f3 55. Be3 c3 56. a6 f2+ 0-1

[Event "41st Olympiad Women 2014"]
[Site "Tromso NOR"]
[Date "2014.08.14"]
[Round "11.5"]
[Board "1"]
[White "Danielian, Elina"]
[Black "Vega Gutierrez, Sabrina"]
[Result "1-0"]
[WhiteTitle "GM"]
[BlackTitle "IM"]
[WhiteElo "2490"]
[BlackElo "2395"]
[WhiteTeam "Armenia"]
[BlackTeam "Spain"]
[WhiteFideId "13300210"]
[BlackFideId "2219026"]
[EventDate "2014.08.02"]

1. d4 Nf6 2. c4 g6 3. Nc3 Bg7 4. e4 d6 5. Bg5 O-O 6. Qd2 c5 7. d5 b5 8. cxb5 a6
9. a4 axb5 10. Bxb5 Ba6 11. Bxa6 Nxa6 12. Nf3 Qb6 13. O-O Rfb8 14. Rab1 c4 15.
e5 Ng4 16. exd6 exd6 17. Qf4 Bxc3 18. Qxg4 Nc5 19. Qxc4 Bxb2 20. Be3 Qb4 21. Qc2
Nxa4 22. Bd4 Qb3 23. Qc6 Qa3 24. Rxb2 Nxb2 25. Qc1 f5 26. Qc7 1-0

[Event "41st Olympiad Women 2014"]
[Site "Tromso NOR"]
[Date "2014.08.14"]
[Round "11.5"]
[Board "2"]
[White "Alexandrova, Olga"]
[Black "Mkrtchian, Lilit"]
[Result "1/2-1/2"]
[WhiteTitle "IM"]
[BlackTitle "IM"]
[WhiteElo "2424"]
[BlackElo "2453"]
[WhiteTeam "Spain"]
[BlackTeam "Armenia"]
[WhiteFideId "14102463"]
[BlackFideId "13300601"]
[EventDate "2014.08.02"]

1. d4 Nf6 2. c4 e6 3. Nf3 b6 4. e3 Bb7 5. Bd3 Bb4+ 6. Nbd2 O-O 7. O-O c5 8. a3
Bxd2 9. Bxd2 d6 10. Bc3 Nbd7 11. b4 Re8 12. dxc5 bxc5 13. Qe2 e5 14. e4 a5 15.
bxa5 Nb8 16. Bc2 Re6 17. Rab1 Qc7 18. Rb6 Nc6 19. Rfb1 Bc8 20. Ba4 Nxa5 21. Bxa5
Rxa5 22. Rc6 Qd7 23. Rb8 Rxa4 24. Rcxc8+ Re8 25. Rxe8+ Nxe8 26. Qd3 Qe7 27. h3
h6 28. Qb3 Ra5 29. Nd2 Kh7 30. Nb1 Nf6 31. Nc3 Nh5 32. Nd5 Qg5 33. Qf3 Nf4 34.
Nxf4 Qxf4 35. Qc3 Ra7 36. f3 Qf6 37. Qb3 Qg5 38. Qc3 Qe7 39. Qb3 Qg5 40. Qc3 Qe7
41. Rb1 Ra6 42. Kh2 Qa7 43. Rb3 Ra4 44. Qd3 Qa6 45. Rc3 Qa5 46. f4 Qc7 47. Rb3
Ra7 48. fxe5 dxe5 49. Qd5 Qe7 50. Rd3 Ra6 51. Rf3 Rf6 52. a4 Rxf3 53. gxf3 Qg5
54. Qxc5 Qd2+ 55. Kg3 Qg5+ 56. Kf2 Qd2+ 57. Kf1 Qc1+ 58. Kg2 Qg5+ 1/2-1/2

[Event "41st Olympiad Women 2014"]
[Site "Tromso NOR"]
[Date "2014.08.14"]
[Round "11.5"]
[Board "3"]
[White "Galojan, Lilit"]
[Black "Matnadze, Ana"]
[Result "0-1"]
[WhiteTitle "IM"]
[BlackTitle "IM"]
[WhiteElo "2275"]
[BlackElo "2385"]
[WhiteTeam "Armenia"]
[BlackTeam "Spain"]
[WhiteFideId "13301314"]
[BlackFideId "13601377"]
[EventDate "2014.08.02"]

1. d4 Nf6 2. c4 e6 3. Nf3 d5 4. Bg5 g6 5. Nc3 Bg7 6. e3 O-O 7. Rc1 a6 8. Qc2 c6
9. Bd3 Nbd7 10. cxd5 exd5 11. O-O Re8 12. b4 Qe7 13. Rb1 h6 14. Bh4 g5 15. Bg3
Ne4 16. Nd2 f5 17. Ncxe4 dxe4 18. Bc4+ Kh8 19. f3 Nf6 20. Be5 exf3 21. Rxf3 Ng4
22. Bxg7+ Qxg7 23. Nf1 f4 24. Qd3 Rd8 25. Qc2 Rf8 26. Rd1 fxe3 27. Qe2 Bd7 28.
h3 Rxf3 29. Qxf3 Rf8 30. Qe2 Nf2 31. Rc1 Qxd4 32. Qxe3 Nxh3+ 33. Kh2 Qxe3 34.
Nxe3 Nf4 35. Rd1 Bc8 36. a4 Re8 37. b5 axb5 38. axb5 Kg7 39. bxc6 bxc6 40. Nc2
Re4 41. Bf1 c5 42. Bb5 Ne2 43. g3 Nc3 44. Bd3 Nxd1 45. Bxe4 Kf6 46. Bf3 Nb2 47.
Kg2 Ke5 48. Kf2 Nc4 49. Ke2 Bf5 50. Ne1 Nd6 51. Ke3 Bg6 52. Bc6 Nf5+ 53. Kf2 Nd4
54. Ba4 Be4 55. Ke3 c4 56. Kd2 h5 57. Be8 h4 58. gxh4 gxh4 59. Ke3 h3 60. Kf2 h2 0-1

[Event "41st Olympiad Women 2014"]
[Site "Tromso NOR"]
[Date "2014.08.14"]
[Round "11.5"]
[Board "4"]
[White "Aranaz Murillo, Amalia"]
[Black "Kursova, Maria"]
[Result "0-1"]
[WhiteTitle "WIM"]
[BlackTitle "WGM"]
[WhiteElo "2314"]
[BlackElo "2313"]
[WhiteTeam "Spain"]
[BlackTeam "Armenia"]
[WhiteFideId "22200371"]
[BlackFideId "4129709"]
[EventDate "2014.08.02"]

1. d4 Nf6 2. c4 e6 3. Nf3 b6 4. e3 Bb7 5. Bd3 d5 6. O-O Bd6 7. Qc2 O-O 8. Nc3 a6
9. b3 Nbd7 10. a4 dxc4 11. bxc4 Bxf3 12. gxf3 e5 13. dxe5 Nxe5 14. Be2 Qd7 15.
f4 Qh3 16. f3 Ng6 17. Bd3 Bc5 18. Kh1 Rfe8 19. Nd1 Nh5 20. Rf2 Ngxf4 21. Bxh7+
Kh8 22. Bd3 Rad8 23. Bf1 Ng3+ 24. Kg1 Nxf1 25. Rxf1 Re6 26. Rf2 Rg6+ 27. Kh1 Rg2 0-1

[Event "41st Olympiad Women 2014"]
[Site "Tromso NOR"]
[Date "2014.08.14"]
[Round "11.6"]
[Board "1"]
[White "Nakhbayeva, Guliskhan"]
[Black "Havlikova, Kristyna"]
[Result "0-1"]
[WhiteTitle "WGM"]
[BlackTitle "WIM"]
[WhiteElo "2336"]
[BlackElo "2215"]
[WhiteTeam "Kazakhstan"]
[BlackTeam "Czech Republic"]
[WhiteFideId "13704788"]
[BlackFideId "309672"]
[EventDate "2014.08.02"]

1. d4 Nf6 2. c4 g6 3. g3 Bg7 4. Bg2 d5 5. cxd5 Nxd5 6. e4 Nb6 7. Ne2 c5 8. d5 e6
9. Nbc3 exd5 10. Nxd5 Nxd5 11. exd5 O-O 12. O-O Bf5 13. Nc3 Qd7 14. Bf4 Na6 15.
Qd2 Rfe8 16. Rfe1 Nb4 17. Ne4 Bxe4 18. Rxe4 Rxe4 19. Bxe4 Bd4 20. Be3 Bxe3 21.
fxe3 Qd6 22. Qg2 Re8 23. a3 Na6 24. Re1 c4 25. Bb1 Nc7 26. Rd1 Rxe3 27. Qf2 Re5
28. Qxa7 b6 29. Qb7 Qc5+ 30. Kh1 Qf2 31. d6 Re2 32. Qc8+ Ne8 33. Qh3 Nxd6 34.
Qh4 Qg2# 0-1

[Event "41st Olympiad Women 2014"]
[Site "Tromso NOR"]
[Date "2014.08.14"]
[Round "11.6"]
[Board "2"]
[White "Olsarova, Karolina"]
[Black "Saduakassova, Dinara"]
[Result "0-1"]
[WhiteTitle "WIM"]
[BlackTitle "WGM"]
[WhiteElo "2237"]
[BlackElo "2375"]
[WhiteTeam "Czech Republic"]
[BlackTeam "Kazakhstan"]
[WhiteFideId "320242"]
[BlackFideId "13700090"]
[EventDate "2014.08.02"]

1. e4 c5 2. d3 Nc6 3. g3 d5 4. Nd2 Nf6 5. Bg2 Bg4 6. f3 Bd7 7. Nh3 e5 8. c3 Be7
9. Nf2 Qc7 10. Nf1 O-O-O 11. Qe2 h5 12. h4 Be6 13. Bh3 Qd7 14. Bd2 g6 15. O-O-O
Ne8 16. Bxe6 Qxe6 17. Kb1 Nc7 18. Nh2 Kb8 19. Rhe1 Ka8 20. f4 dxe4 21. dxe4 exf4
22. Bxf4 Qc8 23. Nd3 Ne6 24. Be3 Qc7 25. Nf4 Nxf4 26. Bxf4 Qc8 27. Qc4 Rxd1+ 28.
Rxd1 Rd8 29. Rd5 Qh3 30. Nf1 a6 31. Rxd8+ Nxd8 32. a4 Ne6 33. Be3 Qg4 34. Qd3
Qf3 35. Kc2 Bd8 36. Bc1 Qf2+ 37. Kb1 Bc7 38. Ka2 Qe1 39. Bh6 Qf2 40. Bd2 Kb8 41.
Kb1 Kc8 42. Kc2 Nd8 43. Qc4 Ne6 44. Qd3 Nf8 45. Kd1 Nd7 46. Qc4 Nb6 47. Qd3 c4
48. Qe2 Qxe2+ 49. Kxe2 Nxa4 50. Bc1 Nc5 51. Ke3 b5 52. Bd2 Kd7 53. Kd4 Nd3 54.
Kd5 Nxb2 55. Bc1 Na4 56. Bd2 Ba5 57. Kd4 Ke6 58. e5 Bb6+ 59. Ke4 Nc5+ 0-1

[Event "41st Olympiad Women 2014"]
[Site "Tromso NOR"]
[Date "2014.08.14"]
[Round "11.6"]
[Board "3"]
[White "Abdumalik, Zhansaya"]
[Black "Sikorova, Olga"]
[Result "1-0"]
[WhiteTitle "WGM"]
[BlackTitle "WGM"]
[WhiteElo "2333"]
[BlackElo "2289"]
[WhiteTeam "Kazakhstan"]
[BlackTeam "Czech Republic"]
[WhiteFideId "13703544"]
[BlackFideId "307033"]
[EventDate "2014.08.02"]

1. e4 c5 2. Nf3 Nf6 3. Nc3 Nc6 4. d4 d5 5. exd5 Nxd5 6. Ne4 cxd4 7. Nxd4 Ndb4 8.
Nxc6 Qxd1+ 9. Kxd1 Nxc6 10. c3 f5 11. Ng3 Bd7 12. Bd3 O-O-O 13. Kc2 g6 14. Re1
h6 15. a4 e5 16. f3 Be6 17. a5 Bg7 18. Nf1 Bb3+ 19. Kxb3 Rxd3 20. Kc2 Rhd8 21.
Ne3 h5 22. Nc4 Bf6 23. Be3 g5 24. h3 Kc7 25. Bg1 R8d5 26. Re2 Rd7 27. a6 b6 28.
Nxb6 axb6 29. a7 Nxa7 30. Rxa7+ Kc6 31. Ra6 Bd8 32. Bd4 e4 33. fxe4 fxe4 34.
Rxe4 Rg3 35. Re2 g4 36. hxg4 Rxg4 37. b4 Kb7 38. Ra2 Rd6 39. Rf2 Rgg6 40. Rf7+
Kc6 41. Kb3 Bf6 42. Bxf6 Rdxf6 43. Rh7 Rf5 44. Raa7 Kd5 45. Rhe7 Re5 46. Rad7+
Ke4 47. Rd4+ Kf5 48. Rxe5+ Kxe5 49. Kc4 Rxg2 50. Rd5+ Ke6 51. Rxh5 Rg6 52. Rh7
Kd6 53. Kb5 Kd5 54. Rb7 Rg8 55. c4+ Kd6 56. Kxb6 1-0

[Event "41st Olympiad Women 2014"]
[Site "Tromso NOR"]
[Date "2014.08.14"]
[Round "11.6"]
[Board "4"]
[White "Olsarova, Tereza"]
[Black "Dauletova, Gulmira"]
[Result "0-1"]
[WhiteTitle "WIM"]
[BlackTitle "WIM"]
[WhiteElo "2271"]
[BlackElo "2252"]
[WhiteTeam "Czech Republic"]
[BlackTeam "Kazakhstan"]
[WhiteFideId "325449"]
[BlackFideId "13702971"]
[EventDate "2014.08.02"]

1. e4 c5 2. Nf3 e6 3. d4 cxd4 4. Nxd4 a6 5. Nc3 d6 6. f4 Nd7 7. Bd3 Ngf6 8. Qe2
Nc5 9. Be3 b5 10. b4 Nxd3+ 11. cxd3 Bb7 12. O-O Be7 13. Rac1 O-O 14. Nb3 Rc8 15.
a4 d5 16. e5 Nd7 17. axb5 Bxb4 18. Bd4 Nc5 19. Nd2 Qe7 20. Rb1 Nd7 21. Na2 Ba3
22. Nf3 axb5 23. g4 Bc6 24. f5 exf5 25. gxf5 f6 26. e6 Nb8 27. Nc3 b4 28. Nd1
Na6 29. Nh4 Be8 30. Ne3 Nc7 31. Qf3 Rd8 32. Nc2 Nb5 33. Qe3 Rc8 34. Rf2 Bh5 35.
Ng2 Rfd8 36. Nf4 Bg4 37. Ng2 Bxf5 38. Re1 Bg6 39. Nf4 b3 40. Nxa3 Nxa3 41. Bb6
Re8 42. Qg3 Qb4 43. Qe3 b2 44. Nxd5 Qxe1+ 45. Qxe1 b1=Q 0-1

[Event "41st Olympiad Women 2014"]
[Site "Tromso NOR"]
[Date "2014.08.14"]
[Round "11.7"]
[Board "1"]
[White "Peptan, Corina-Isabela"]
[Black "Harika, Dronavalli"]
[Result "1/2-1/2"]
[WhiteTitle "IM"]
[BlackTitle "GM"]
[WhiteElo "2422"]
[BlackElo "2521"]
[WhiteTeam "Romania"]
[BlackTeam "India"]
[WhiteFideId "1201930"]
[BlackFideId "5015197"]
[EventDate "2014.08.02"]

1. e4 e6 2. d4 d5 3. Nd2 Nf6 4. e5 Nfd7 5. c3 c5 6. Bd3 Nc6 7. Ne2 cxd4 8. cxd4
f6 9. exf6 Nxf6 10. Nf3 Bd6 11. O-O Qc7 12. Bd2 O-O 13. Ng3 Bd7 14. Rc1 Qb6 15.
Bc3 Bf4 16. Bd2 Bd6 17. Bc3 Bf4 18. Rc2 Nb4 19. Bxb4 Qxb4 20. Ne5 Ba4 21. b3 Bb5
22. Bxb5 Qxb5 23. Re1 Qb6 24. Nf3 Rac8 25. Ree2 Rxc2 26. Rxc2 Ne4 27. Qe2 Ng5
28. Nxg5 Bxg5 29. Qd3 Qd6 30. h3 Bh4 31. Nf1 Bf6 32. Nh2 e5 33. dxe5 Bxe5 34.
Ng4 Bf4 35. g3 h5 36. Nh2 Be5 37. h4 d4 38. Nf3 Bf6 39. Qc4+ Kh8 40. Rd2 Rd8 41.
Rd3 Qd5 42. Qxd5 Rxd5 1/2-1/2

[Event "41st Olympiad Women 2014"]
[Site "Tromso NOR"]
[Date "2014.08.14"]
[Round "11.7"]
[Board "2"]
[White "Tania, Sachdev"]
[Black "Foisor, Cristina-Adela"]
[Result "1/2-1/2"]
[WhiteTitle "IM"]
[BlackTitle "IM"]
[WhiteElo "2418"]
[BlackElo "2404"]
[WhiteTeam "India"]
[BlackTeam "Romania"]
[WhiteFideId "5007844"]
[BlackFideId "1200496"]
[EventDate "2014.08.02"]

1. d4 Nf6 2. c4 c5 3. d5 e5 4. Nc3 d6 5. e4 Nbd7 6. g3 a6 7. a4 g6 8. Bg2 Bg7 9.
Nge2 b6 10. O-O O-O 11. h3 Ne8 12. Be3 f5 13. f4 Nef6 14. Qd2 Ra7 15. Kh2 Qe8
16. Rae1 fxe4 17. Qc2 exf4 18. Nxf4 Ne5 19. Nxe4 Nxe4 20. Bxe4 Raf7 21. Kg2 Kh8
22. b3 g5 23. Ne6 Bxe6 24. dxe6 Rxf1 25. Rxf1 Rxf1 26. Kxf1 Qxe6 27. Kg2 h6 28.
Qe2 Nd7 29. Qf3 Ne5 30. Qe2 Qe8 31. Bb1 Qc6+ 32. Kg1 Qf3 33. Qxf3 Nxf3+ 34. Kf2
Ne5 35. Bd2 Nc6 36. Ke3 Be5 37. Ke4 a5 38. g4 Nd4 39. Bc3 Nxb3 40. Bxe5+ dxe5
41. Kxe5 Kg7 42. Kd6 Kf6 43. Bc2 Nd2 44. Bd3 Nb3 45. Be2 Nd2 46. Kc6 Ke5 47.
Kxb6 Kd4 48. Kxa5 Nxc4+ 49. Bxc4 Kxc4 50. Kb6 Kd4 51. a5 c4 52. a6 c3 53. a7 c2
54. a8=Q c1=Q 55. Qh8+ Ke4 56. Qxh6 Kf3 57. h4 Kxg4 58. Qxg5+ Qxg5 1/2-1/2